Stand we at last / (Запис № 551911)

МАРК-запис
000 -LEADER
fixed length control field 01181cam a2200277Ia 4500
001 - CONTROL NUMBER
control field standweatlast00fair
003 - CONTROL NUMBER IDENTIFIER
control field CaSfIA
005 - DATE AND TIME OF LATEST TRANSACTION
control field 20210119084134.0
007 - PHYSICAL DESCRIPTION FIXED FIELD--GENERAL INFORMATION
fixed length control field cr||||
008 - FIXED-LENGTH DATA ELEMENTS--GENERAL INFORMATION
fixed length control field 840228t19841983nyu 000 1 eng d
010 ## - LIBRARY OF CONGRESS CONTROL NUMBER
LC control number 82015624
040 ## - CATALOGING SOURCE
Original cataloging agency JBL
Transcribing agency JBL
Modifying agency BTCTA
-- BAKER
-- VVW
-- CaSfIA
020 ## - INTERNATIONAL STANDARD BOOK NUMBER
International Standard Book Number 0380655659 :
Terms of availability $3.95
020 ## - INTERNATIONAL STANDARD BOOK NUMBER
International Standard Book Number 9780380655656
035 ## - SYSTEM CONTROL NUMBER
System control number (OCoLC)10469167
050 00 - LIBRARY OF CONGRESS CALL NUMBER
Classification number PR6056.A48
Item number S7 1983
100 1# - MAIN ENTRY--PERSONAL NAME
Personal name Fairbairns, Zoë.
245 10 - TITLE STATEMENT
Title Stand we at last /
Medium [electronic resource]
Statement of responsibility, etc Zoë Fairbairns.
260 ## - PUBLICATION, DISTRIBUTION, ETC. (IMPRINT)
Place of publication, distribution, etc New York :
Name of publisher, distributor, etc Avon,
Date of publication, distribution, etc 1984, c1983.
300 ## - PHYSICAL DESCRIPTION
Extent 609 p. ;
Dimensions 18 cm.
506 ## - RESTRICTIONS ON ACCESS NOTE
Standardized terminology for access restriction Необхідна авторизація на https://archive.org/ (створення облікового запису безкоштовно)
506 ## - RESTRICTIONS ON ACCESS NOTE
Standardized terminology for access restriction Необхідна авторизація на https://openlibrary.org/ (створення облікового запису безкоштовно)
856 41 - ELECTRONIC LOCATION AND ACCESS
Uniform Resource Identifier <a href="http://www.archive.org/details/standweatlast00fair">http://www.archive.org/details/standweatlast00fair</a>
Public note Free eBook from the Internet Archive
856 42 - ELECTRONIC LOCATION AND ACCESS
Uniform Resource Identifier <a href="http://www.openlibrary.org/books/OL24238750M">http://www.openlibrary.org/books/OL24238750M</a>
Public note Additional information and access via Open Library
942 ## - ADDED ENTRY ELEMENTS (KOHA)
Koha item type ЕКнига

Немає доступних примірників.